|
|
|
|
| LEADER |
00000nam0a2200000 4500 |
| 001 |
311408 |
| 005 |
20231102002401.0 |
| 020 |
|
|
|a RU
|b 82-11061
|
| 035 |
|
|
|a (RuTPU)RU\TPU\book\336765
|
| 090 |
|
|
|a 311408
|
| 100 |
|
|
|a 20151207d1982 km y0rusy5003 ca
|
| 101 |
0 |
|
|a rus
|
| 102 |
|
|
|a RU
|
| 105 |
|
|
|a a z 001zy
|
| 200 |
1 |
|
|a Твердосплавные штампы в электромашиностроении
|f под ред. А. И. Хыбемяги, Л. Э. Каасика
|
| 210 |
|
|
|a Москва
|c Энергоиздат
|d 1982
|
| 215 |
|
|
|a 124 с.
|c ил.
|
| 320 |
|
|
|a Библиогр.: с. 119-122
|
| 606 |
1 |
|
|a Штампы твердосплавные
|x Производство
|2 stltpush
|3 (RuTPU)RU\TPU\subj\19563
|9 44789
|
| 606 |
1 |
|
|a Магнитопроводы
|x Детали
|x Штамповка холодная
|2 stltpush
|3 (RuTPU)RU\TPU\subj\40875
|9 60705
|
| 610 |
1 |
|
|a электромашиностроение
|
| 610 |
1 |
|
|a проектирование
|
| 610 |
1 |
|
|a твердосплавные заготовки
|
| 610 |
1 |
|
|a режущие элементы
|
| 610 |
1 |
|
|a штампы
|
| 610 |
1 |
|
|a механическая обработка
|
| 610 |
1 |
|
|a сборка
|
| 610 |
1 |
|
|a эксплуатация
|
| 675 |
|
|
|a 621.313.042
|z rus
|v 3
|
| 675 |
|
|
|a 621.983.3.07
|z rus
|v 3
|
| 702 |
|
1 |
|a Хыбемяги
|b А. И.
|g Алексей Иоханнесович
|4 340
|
| 702 |
|
1 |
|a Каасик
|b Л. Э.
|4 340
|
| 801 |
|
0 |
|a RU
|b RuMRKP
|c 19950704
|g psbo
|
| 801 |
|
1 |
|a RU
|b 63413507
|c 20151207
|
| 801 |
|
2 |
|a RU
|b 63413507
|c 20191111
|g RCR
|
| 942 |
|
|
|c BK
|